[Event "Sparkassen Masters"]
[Site "Dortmund"]
[Date "2001.07.14"]
[Round "3"]
[White "Adams, Michael"]
[Black "Kramnik, Vladimir"]
[Result "1/2-1/2"]
[WhiteElo "2744"]
[BlackElo "2802"]
[PlyCount "73"]
[EventDate "2001.07.12"]
[Source "www.chesslib.no"]
[SourceDate "2004.05.04"]

1. e4 c5 2. Nf3 e6 3. d4 cxd4 4. Nxd4 Nc6 5. Nc3 d6 6. Be3 Nf6 7. Qd2 Be7 8. f3 O-O 9. O-O-O a6 10. g4 Nxd4 11. Bxd4 b5 12. Kb1 Qc7 13. g5 Nd7 14. h4 b4 15. Na4 Bb7 16. b3 d5 17. exd5 Bxd5 18. Qe3 Rfc8 19. Bd3 Nc5 20. Nxc5 Bxc5 21. Be4 Bxd4 22. Rxd4 a5 23. Rhd1 g6 24. Qe2 Qg3 25. Bxd5 exd5 26. Rxd5 Qxh4 27. Qd2 Qg3 28. f4 Qc3 29. Qxc3 Rxc3 30. f5 gxf5 31. Rxf5 Ra7 32. Rd2 Kg7 33. Kb2 a4 34. a3 axb3 35. axb4 bxc2 36. Rxc2 Rxc2+ 37. Kxc2 1/2-1/2

[Event "Sochi RUS"]
[Site "?"]
[Date "2006.04.30"]
[Round "11"]
[White "Ponomariov Ruslan"]
[Black "Gelfand Boris"]
[Result "1/2-1/2"]
[WhiteElo "2738"]
[BlackElo "2727"]
[PlyCount "39"]
[EventDate "2006.??.??"]
[Source "www.chesslib.no"]
[SourceDate "2004.05.04"]

1. e4 c5 2. Nf3 d6 3. d4 Nf6 4. Nc3 cxd4 5. Nxd4 a6 6. Be3 Ng4 7. Bc1 Nf6 8. Be3 e6 9. f3 b5 10. Qd2 Nbd7 11. g4 h6 12. O-O-O Bb7 13. h4 b4 14. Na4 Qa5 15. b3 Nc5 16. a3 Nxa4 17. axb4 Qc7 18. bxa4 Nd7 19. Kb1 Be7 20. c4 1/2-1/2

[Event "Wijk aan Zee"]
[Site "Wijk aan Zee"]
[Date "2004.??.??"]
[Round "?"]
[White "Anand, V."]
[Black "Akopian, Vl"]
[Result "1-0"]
[WhiteElo "2766"]
[BlackElo "2693"]
[PlyCount "91"]
[EventDate "2004.??.??"]
[Source "Chess Informant"]
[SourceDate "2003.10.01"]

1. e4 c5 2. Nf3 d6 3. d4 cxd4 4. Nxd4 Nf6 5. Nc3 a6 6. Be3 Nc6 7. f3 e6 8. g4 Be7 9. Qd2 O-O 10. O-O-O Nxd4 11. Bxd4 b5 12. g5 Nd7 13. h4 Qc7 14. Kb1 b4 15. Na4 Bb7 16. Qxb4 Bc6 17. Nc3 Rfb8 18. Qc4 Ne5 19. Qe2 Qa5 20. f4 Ng6 21. Qf3 e5 22. Bf2 Qb4 23. b3 Nxf4 24. Be1 Qc5 25. Bg3 a5 26. Bxf4 exf4 27. Nd5 Bd8 28. Qxf4 a4 29. Rh2 Bxd5 30. exd5 Ba5 31. Qd4 Qa3 32. h5 Bb6 33. Qc3 Ba5 34. Qd4 Bb6 35. Qd3 Re8 36. g6 fxg6 37. hxg6 h6 38. Bh3 Bd8 39. Be6+ Rxe6 40. dxe6 Bf6 41. c3 axb3 42. Qc4 Qa5 43. e7+ Kh8 44. Re1 Be5 45. Qc6 bxa2+ 46. Kc2 1-0

[Event "HB Global Chess Challenge"]
[Site "?"]
[Date "2005.05.22"]
[Round "8.2"]
[White "Najer Evgeniy"]
[Black "Ehlvest Jaan"]
[Result "1/2-1/2"]
[WhiteElo "2724"]
[BlackElo "2731"]
[PlyCount "117"]
[EventDate "2005.??.??"]
[Source "www.chesslib.no"]
[SourceDate "2004.05.04"]

1. e4 c5 2. Nf3 d6 3. d4 cxd4 4. Nxd4 Nf6 5. Nc3 e6 6. Be3 a6 7. f3 Nc6 8. Qd2 Be7 9. g4 O-O 10. O-O-O Nxd4 11. Bxd4 b5 12. g5 Nd7 13. h4 b4 14. Na4 Bb7 15. Nb6 Nxb6 16. Qxb4 Rb8 17. Bxb6 d5 18. Bc5 Bxc5 19. Qxc5 Qd7 20. Qd4 Rfc8 21. Rh2 a5 22. Qe5 Bc6 23. Rhd2 Kf8 24. Ba6 Qc7 25. Qxc7 Rxc7 26. e5 Ke7 27. Rd4 f6 28. exf6+ gxf6 29. f4 Kd6 30. R4d2 Rb4 31. Rf2 fxg5 32. hxg5 Rf7 33. Rdf1 Bb5 34. Bxb5 Rxb5 35. a4 Rbb7 36. f5 Rb4 37. b3 Rg4 38. fxe6 Rxf2 39. Rxf2 Rxg5 40. Rf7 h5 41. e7 Re5 42. Rh7 Rxe7 43. Rxh5 Kc5 44. Rh6 Ra7 45. Kb2 Kd4 46. Re6 Ra8 47. Re7 Ra6 48. Rd7 Ke4 49. Kc3 Rc6+ 50. Kd2 d4 51. Rb7 Rh6 52. Re7+ Kd5 53. Ra7 Rh2+ 54. Kc1 Ke4 55. Rxa5 d3 56. Rc5 Rh1+ 57. Kd2 Rh2+ 58. Kc1 Rh1+ 59. Kd2 1/2-1/2

[Event "Linares 75/209"]
[Site "?"]
[Date "1999.??.??"]
[Round "?"]
[White "Leko, Peter"]
[Black "Topalov, Veselin"]
[Result "1/2-1/2"]
[WhiteElo "2694"]
[BlackElo "2700"]
[PlyCount "106"]
[EventDate "1999.??.??"]
[Source "ChessBase"]
[SourceDate "1999.02.01"]

1. e4 c5 2. Nf3 d6 3. d4 cxd4 4. Nxd4 Nf6 5. Nc3 a6 6. Be3 e6 7. f3 b5 8. g4 h6 9. Qd2 Nbd7 10. O-O-O Bb7 11. h4 b4 12. Nb1 d5 13. Bh3 g5 14. hxg5 hxg5 15. exd5 Nxd5 16. Bxg5 Qa5 17. Bg2 Rxh1 18. Rxh1 Qxa2 19. Rh8 Rc8 20. Nf5 Nc5 21. Rxf8+ Kxf8 22. Bh6+ Ke8 23. Nd6+ Kd7 24. Nxc8 Kxc8 25. Qd4 Qa5 26. Bf8 Nd7 27. Bd6 Bc6 28. Bf1 Kb7 29. Nd2 Qa1+ 30. Nb1 Qa5 31. Bd3 Qd8 32. Nd2 e5 33. Qc4 Qb6 34. Kb1 a5 35. Ne4 Nf4 36. Nc5+ Nxc5 37. Bxc5 Bd5 38. Bxb6 Bxc4 39. Bxc4 Kxb6 40. Bxf7 Nh3 41. c3 bxc3 42. bxc3 Ng5 43. Bd5 Kc5 44. Bb7 Kd6 45. Kb2 Ne6 46. Be4 Nc5 47. g5 Ke7 48. Ka3 Ne6 49. g6 Nc5 50. Bd5 Kf6 51. Bf7 Kg7 52. Kb2 Kf6 53. Kc2 Kg7 1/2-1/2

[Event "XXIV ECC"]
[Site "Kallithea GRE"]
[Date "2008.10.21"]
[Round "5"]
[White "Socko, B."]
[Black "Movsesian, S."]
[Result "1/2-1/2"]
[WhiteElo "2631"]
[BlackElo "2732"]
[PlyCount "255"]
[EventDate "2008.10.17"]
[Source "www.chesslib.no"]
[SourceDate "2004.05.04"]

1. e4 c5 2. Nf3 d6 3. d4 cxd4 4. Nxd4 Nf6 5. Nc3 e6 6. Be3 Nc6 7. f3 Be7 8. Qd2 O-O 9. O-O-O d5 10. exd5 Nxd5 11. Nxd5 Qxd5 12. c4 Qd6 13. Nxc6 Qxc6 14. Bd3 e5 15. Qc2 f5 16. Rhe1 Be6 17. Bf2 Bd6 18. Kb1 Rae8 19. g4 e4 20. fxe4 fxg4 21. e5 Bb4 22. Bxh7+ Kh8 23. Re2 Bxc4 24. Bd3 Bd5 25. Qxc6 bxc6 26. Rc1 Bf3 27. Rec2 Rxe5 28. a3 Rd8 29. Bg3 Re3 30. axb4 Rexd3 31. Rc4 Re8 32. b5 cxb5 33. Rc8 Rde3 34. Bf2 R3e7 35. Rxe8+ Rxe8 36. Bxa7 b4 37. b3 Re2 38. Bb8 Bd5 39. Rg1 Be6 40. Bd6 Re4 41. Kc2 Bf5 42. Kc1 Kh7 43. Rf1 Kg6 44. Rf4 Re6 45. Bxb4 Re2 46. Bd6 Rc2+ 47. Kd1 Rxh2 48. Rb4 Ra2 49. Be5 Be6 50. Rb7 Kf5 51. Bxg7 g3 52. Rb5+ Kg6 53. Bd4 g2 54. Rb7 Bg4+ 55. Kc1 Re2 56. Ba7 Ra2 57. Bd4 Kf5 58. Re7 Kf4 59. b4 Ra4 60. Kd2 Rxb4 61. Be3+ Kg3 62. Rf7 Rb2+ 63. Kc3 Re2 64. Bd4 Be6 65. Re7 Kf3 66. Bb6 Re1 67. Rg7 Rc1+ 68. Kd2 Rc6 69. Bg1 Bf5 70. Rf7 Rd6+ 71. Kc3 Rd1 72. Ba7 Kf4 73. Rg7 Rc1+ 74. Kb4 Bg4 75. Rf7+ Ke4 76. Rg7 g1=Q 77. Bxg1 Rxg1 78. Kc5 Ke5 79. Rg5+ Kf4 80. Rg7 Rc1+ 81. Kd4 Be6 82. Re7 Rd1+ 83. Kc3 Rd6 84. Rh7 Ke3 85. Rh4 Rb6 86. Rh6 Rc6+ 87. Kb4 Kd4 88. Rh4+ Kd5 89. Rh5+ Kd6 90. Rh4 Rb6+ 91. Kc3 Rb3+ 92. Kd2 Bd5 93. Rh8 Ke5 94. Re8+ Kd4 95. Rd8 Rb2+ 96. Kc1 Rh2 97. Kd1 Ke4 98. Kc1 Rg2 99. Rd7 Kd4 100. Kd1 Ke4 101. Kc1 Bc4 102. Rd2 Be2 103. Kb2 Ke3 104. Kc3 Rg8 105. Rd7 Rc8+ 106. Kb4 Bf3 107. Rd6 Ke4 108. Rd7 Ke5 109. Rh7 Kd4 110. Rh4+ Be4 111. Rg4 Rb8+ 112. Ka4 Kd5 113. Ka3 Bd3 114. Rb4 Ra8+ 115. Kb3 Ra1 116. Rh4 Be4 117. Kb4 Kd4 118. Rg4 Rh1 119. Ka4 Kd5 120. Kb3 Bf5 121.  g5 Rf1 122. Kc3 Kc5 123. Rg3 Rf2 124. Re3 Rc2+ 125. Kb3 Kd4 126. Rf3 Rc5 127. Kb4 Be4 128. Rf4 1/2-1/2